Zdravotníctvo sa správa ako loď bez cieľového prístavu

Negatívne výsledky reformy slovenského zdravotníctva z novembra 1990, príčiny. Návrhy autora na kroky vyúsťujúce do zmeny štruktúry, riadenia a financovania zdravotníctva. Finančná kríza. Problémy poskytovania služieb. Rozlíšenie verejného a súkromného sektora v zdravotníctve. Klasifikácia zariadení...

Ausführliche Beschreibung

Gespeichert in:
Bibliographische Detailangaben
1. Verfasser: Murgaš, M.
Format: Buchkapitel
Sprache:Slowakisch
Schlagworte:
Tags: Tag hinzufügen
Keine Tags, Fügen Sie das erste Tag hinzu!

MARC

LEADER 00000naa a2200000 4500
001 r016358
005 20221213114805.4
041 0 |a slo 
044 |a SK 
245 1 0 |a Zdravotníctvo sa správa ako loď bez cieľového prístavu  |c M. Murgaš 
520 |a Negatívne výsledky reformy slovenského zdravotníctva z novembra 1990, príčiny. Návrhy autora na kroky vyúsťujúce do zmeny štruktúry, riadenia a financovania zdravotníctva. Finančná kríza. Problémy poskytovania služieb. Rozlíšenie verejného a súkromného sektora v zdravotníctve. Klasifikácia zariadení vo verejnom sektore. Primárna, sekundárna a následná zdravotnícka starostlivosť. 
610 2 0 |a zdravotníctvo 
610 2 0 |a 1990-1994 
610 2 0 |a riadenie 
610 2 0 |a financovanie 
610 2 0 |a sektor verejný 
610 2 0 |a sektor súkromný 
610 2 0 |a služby 
610 2 0 |a starostlivosť zdravotná 
610 2 0 |a transformácia 
610 2 0 |a privatizácia 
100 1 |a Murgaš, M.